[Event "DFMMLV 2019"]
[Site "Braunfels"]
[Date "2019.06.23"]
[Round "5.38"]
[White "Hoefner, Nina"]
[Black "Werner, Rosalie"]
[Result "1/2-1/2"]
[WhiteElo "1557"]
[BlackElo "1610"]
[Annotator "NA"]
[PlyCount "49"]
[EventDate "2019.06.20"]
[EventType "team-tourn"]
[EventCountry "GER"]
[SourceTitle "playchess.com"]
[Source "ChessBase"]
[SourceQuality "1"]
[WhiteTeam "Hamburg"]
[BlackTeam "Hessen 2"]
[TimeControl "40/5400+30:1800+30"]

1. e4 {[%emt 0:00:00]} e6 {[%emt 0:00:00]} 2. d4 {[%emt 0:00:00]} d5 {[%emt 0:00:00]} 3. Nc3 {[%emt 0:00:00]} Nf6 {[%emt 0:00:00]} 4. Bg5 {[%emt 0:00:07]} Be7 {[%emt 0:00:00]} 5. e5 {[%emt 0:00:07]} Nfd7 {[%emt 0:00:00]} 6. Bxe7 {[%emt 0:00:06]} Qxe7 {[%emt 0:00:03]} 7. f4 {[%emt 0:00:29]} a6 {[%emt 0:00:09]} 8. Nf3 {[%emt 0:01:05]} c5 {[%emt 0:00:09]} 9. dxc5 {[%emt 0:00:04]} Nxc5 {[%emt 0:00:32]} 10. Be2 {[%emt 0:04:05]} Nc6 {[%emt 0:00:41]} 11. Qd2 {[%emt 0:00:46]} b5 {[%emt 0:00:29]} 12. a3 {[%emt 0:03:51]} Bb7 {[%emt 0:00:48]} 13. b4 {[%emt 0:04:04]} Nd7 {[%emt 0:03:28]} 14. O-O {[%emt 0:00:35]} Rc8 {[%emt 0:04:52]} 15. Nd4 {[%emt 0:03:53]} g6 {[%emt 0:08:39]} 16. Rac1 {[%emt 0:07:34]} O-O {[%emt 0:12:06]} 17. Nd1 {[%emt 0:01:28]} f6 {[%emt 0:12:06]} 18. exf6 {[%emt 0:02:42]} Qxf6 {[%emt 0:05:14]} 19. Nxc6 {[%emt 0:02:18]} Rxc6 {[%emt 0:00:42]} 20. Ne3 {[%emt 0:03:00]} Qc3 {[%emt 0:09:28]} 21. Qd3 {[%emt 0:03:19]} Rfc8 {[%emt 0:02:12]} 22. Rfd1 {[%emt 0:13:43]} Nf8 {[%emt 0:03:47]} 23. Ng4 {[%emt 0:05:18]} Qb2 {[%emt 0:02:18]} 24. Ne3 {[%emt 0:11:07]} Qf6 {[%emt 0:03:57]} 25. Qd4 1/2-1/2

[Event "DFMMLV 2019"]
[Site "Braunfels"]
[Date "2019.06.23"]
[Round "5.39"]
[White "Pralle, Katharina"]
[Black "Reich, Kristina"]
[Result "1/2-1/2"]
[WhiteElo "1971"]
[BlackElo "1544"]
[Annotator "NA"]
[PlyCount "52"]
[EventDate "2019.06.20"]
[EventType "team-tourn"]
[EventCountry "GER"]
[SourceTitle "playchess.com"]
[Source "ChessBase"]
[SourceQuality "1"]
[WhiteTeam "Hessen 1"]
[BlackTeam "Hamburg"]
[TimeControl "40/5400+30:1800+30"]

1. c4 {[%emt 0:00:00]} c5 {[%emt 0:00:00]} 2. Nc3 {[%emt 0:00:00]} b6 {[%emt 0:00:00]} 3. Nf3 {[%emt 0:00:00]} Bb7 {[%emt 0:00:00]} 4. g3 {[%emt 0:00:20]} e6 {[%emt 0:00:35]} 5. Bg2 {[%emt 0:00:35]} Nf6 {[%emt 0:01:09]} 6. O-O {[%emt 0:00:08]} d6 {[%emt 0:00:42]} 7. d4 {[%emt 0:02:48]} cxd4 {[%emt 0:00:17]} 8. Nxd4 {[%emt 0:00:20]} Bxg2 {[%emt 0:03:59]} 9. Kxg2 {[%emt 0:00:04]} a6 {[%emt 0:00:22]} 10. Qd3 {[%emt 0:08:10]} Nbd7 {[%emt 0:05:19]} 11. b3 {[%emt 0:06:16]} Rc8 {[%emt 0:06:36]} 12. Bb2 {[%emt 0:03:02]} Be7 {[%emt 0:00:25]} 13. Nf3 {[%emt 0:07:07]} O-O {[%emt 0:02:22]} 14. Rfd1 {[%emt 0:03:56]} Rc7 {[%emt 0:04:53]} 15. Qd4 {[%emt 0:06:56]} Qa8 {[%emt 0:05:54]} 16. Kg1 {[%emt 0:00:58]} Rfc8 {[%emt 0:08:20]} 17. Ng5 {[%emt 0:13:19]} e5 {[%emt 0:19:57]} 18. Qe3 {[%emt 0:09:50]} Ng4 {[%emt 0:02:41]} 19. Qd2 {[%emt 0:04:57]} Ndf6 {[%emt 0:09:31]} 20. Nf3 {[%emt 0:06:00]} Ne4 {[%emt 0:03:40]} 21. Nxe4 {[%emt 0:01:43]} Qxe4 {[%emt 0:00:17]} 22. Qd3 {[%emt 0:06:50]} Qg6 {[%emt 0:02:40]} 23. Qxg6 {[%emt 0:00:49]} hxg6 {[%emt 0:00:10]} 24. Ba3 {[%emt 0:00:14]} Rd8 {[%emt 0:00:31]} 25. Rd2 {[%emt 0:00:38]} f6 {[%emt 0:01:30]} 26. Rad1 {[%emt 0:00:42]} Rcd7 {[%emt 0:00:41]} 1/2-1/2

[Event "DFMMLV 2019"]
[Site "Braunfels"]
[Date "2019.06.23"]
[Round "5.40"]
[White "Hoelzer, Jeanette"]
[Black "Heymann-Lobzhanidze, Anna-Luise"]
[Result "0-1"]
[WhiteElo "1662"]
[BlackElo "1950"]
[Annotator "NA"]
[PlyCount "78"]
[EventDate "2019.06.20"]
[EventType "team-tourn"]
[EventCountry "GER"]
[SourceTitle "playchess.com"]
[Source "ChessBase"]
[SourceQuality "1"]
[WhiteTeam "Hamburg"]
[BlackTeam "Hessen 1"]
[TimeControl "40/5400+30:1800+30"]

1. e4 {[%emt 0:00:00]} d6 {[%emt 0:00:00]} 2. d4 {[%emt 0:00:07]} Nf6 {[%emt 0:00:00]} 3. Nc3 {[%emt 0:00:53]} g6 {[%emt 0:00:00]} 4. f3 {[%emt 0:00:49]} Bg7 {[%emt 0:00:03]} 5. Be3 {[%emt 0:00:14]} c6 {[%emt 0:00:11]} 6. Qd2 {[%emt 0:00:24]} b5 {[%emt 0:00:33]} 7. O-O-O {[%emt 0:00:37]} b4 {[%emt 0:03:40]} 8. Nce2 {[%emt 0:00:54]} Qa5 {[%emt 0:00:11]} 9. Kb1 {[%emt 0:00:58]} Nbd7 {[%emt 0:01:39]} 10. Bh6 {[%emt 0:01:25]} Bxh6 {[%emt 0:00:11]} 11. Qxh6 {[%emt 0:00:16]} c5 {[%emt 0:00:59]} 12. Nc1 {[%emt 0:08:47]} cxd4 {[%emt 0:07:12]} 13. Nb3 {[%emt 0:02:33]} Qb6 {[%emt 0:00:39]} 14. Nxd4 {[%emt 0:01:28]} a5 {[%emt 0:03:18]} 15. Nge2 {[%emt 0:19:14]} Ba6 {[%emt 0:05:41]} 16. Nc1 {[%emt 0:04:01]} a4 {[%emt 0:05:14]} 17. Bxa6 {[%emt 0:09:18]} Rxa6 {[%emt 0:01:24]} 18. Rhe1 {[%emt 0:01:30]} a3 {[%emt 0:03:06]} 19. b3 {[%emt 0:03:49]} Qc5 {[%emt 0:10:30]} 20. Nde2 {[%emt 0:03:31]} Rc6 {[%emt 0:00:43]} 21. Rd2 {[%emt 0:00:30]} Ne5 {[%emt 0:24:52]} 22. Nd3 {[%emt 0:01:43]} Nxd3 {[%emt 0:01:13]} 23. cxd3 {[%emt 0:00:20]} Qf2 {[%emt 0:04:06]} 24. Red1 {[%emt 0:05:02]} Rc5 {[%emt 0:00:17]} 25. Nf4 {[%emt 0:03:32]} Qe3 {[%emt 0:01:04]} 26. Re2 {[%emt 0:02:48]} Qd4 {[%emt 0:00:19]} 27. Red2 {[%emt 0:05:04]} Rc7 {[%emt 0:10:44]} 28. Ne2 {[%emt 0:01:58]} Qf2 {[%emt 0:00:43]} 29. Nf4 {[%emt 0:01:48]} Qe3 {[%emt 0:00:10]} 30. Re2 {[%emt 0:02:49]} Qd4 {[%emt 0:00:11]} 31. Red2 {[%emt 0:00:57]} Rg8 {[%emt 0:04:02]} 32. h4 {[%emt 0:04:27]} Kd7 {[%emt 0:00:20]} 33. Ne2 {[%emt 0:07:58]} Qf2 {[%emt 0:00:48]} 34. Qg5 Rc5 35. Ng1 {[%emt 0:05:10]} Qd4 {[%emt 0:09:05]} 36. Qg3 {[%emt 0:00:25]} Rgc8 {[%emt 0:00:36]} 37. Qf2 {[%emt 0:01:23]} Qa1+ {[%emt 0:00:29]} 38. Kxa1 {[%emt 0:00:50]} Rc1+ {[%emt 0:00:06]} 39. Rxc1 {[%emt 0:00:10]} Rxc1# {[%emt 0:00:07]} 0-1

[Event "DFMMLV 2019"]
[Site "Braunfels"]
[Date "2019.06.23"]
[Round "5.41"]
[White "Bardorz, Jana"]
[Black "Tornay, Haizea"]
[Result "1-0"]
[WhiteElo "1769"]
[BlackElo "1598"]
[Annotator "NA"]
[PlyCount "99"]
[EventDate "2019.06.20"]
[EventType "team-tourn"]
[EventCountry "GER"]
[SourceTitle "playchess.com"]
[Source "ChessBase"]
[SourceQuality "1"]
[WhiteTeam "Bayern 2"]
[BlackTeam "Hessen 2"]
[TimeControl "40/5400+30:1800+30"]

1. e4 {[%emt 0:00:00]} c6 {[%emt 0:00:00]} 2. d4 {[%emt 0:00:00]} d5 {[%emt 0:00:00]} 3. exd5 {[%emt 0:00:00]} cxd5 {[%emt 0:00:00]} 4. Bd3 {[%emt 0:00:01]} Nc6 {[%emt 0:00:00]} 5. c3 {[%emt 0:00:06]} Qc7 {[%emt 0:00:13]} 6. Ne2 {[%emt 0:05:52]} Bg4 {[%emt 0:05:03]} 7. f3 {[%emt 0:04:49]} Bh5 {[%emt 0:01:16]} 8. Bf4 {[%emt 0:07:31]} Qb6 {[%emt 0:01:51]} 9. Nd2 {[%emt 0:08:23]} e6 {[%emt 0:07:48]} 10. O-O {[%emt 0:04:10]} Nf6 {[%emt 0:04:32]} 11. Qc2 {[%emt 0:04:17]} Bg6 {[%emt 0:01:27]} 12. Bg3 {[%emt 0:08:22]} Rc8 {[%emt 0:06:35]} 13. Qb1 {[%emt 0:08:43]} Be7 {[%emt 0:08:04]} 14. f4 {[%emt 0:02:20]} Nh5 {[%emt 0:07:27]} 15. f5 {[%emt 0:04:15]} exf5 {[%emt 0:01:56]} 16. Bxf5 {[%emt 0:02:04]} O-O {[%emt 0:00:38]} 17. Kh1 {[%emt 0:03:10]} Nxg3+ {[%emt 0:05:33]} 18. Nxg3 {[%emt 0:00:37]} Bd6 {[%emt 0:00:30]} 19. Ne2 {[%emt 0:05:07]} Rce8 {[%emt 0:04:32]} 20. Bxg6 {[%emt 0:04:23]} fxg6 {[%emt 0:00:17]} 21. Rxf8+ {[%emt 0:02:25]} Rxf8 {[%emt 0:00:03]} 22. Nf3 {[%emt 0:01:53]} Re8 {[%emt 0:02:52]} 23. Qc2 {[%emt 0:01:33]} Qa6 {[%emt 0:00:57]} 24. Neg1 {[%emt 0:04:02]} Qc4 {[%emt 0:08:07]} 25. b3 {[%emt 0:03:10]} Qa6 {[%emt 0:02:31]} 26. Re1 {[%emt 0:00:48]} Rxe1 {[%emt 0:01:34]} 27. Nxe1 {[%emt 0:00:38]} Qf1 {[%emt 0:00:57]} 28. Qe2 {[%emt 0:00:47]} Qxe2 {[%emt 0:04:03]} 29. Nxe2 {[%emt 0:00:05]} Kf7 {[%emt 0:02:09]} 30. Kg1 {[%emt 0:02:40]} Ke6 {[%emt 0:01:35]} 31. Kf2 {[%emt 0:01:16]} Bc7 {[%emt 0:06:00]} 32. Nd3 {[%emt 0:04:13]} Kf5 {[%emt 0:04:36]} 33. Kf3 {[%emt 0:02:16]} Ne7 {[%emt 0:02:25]} 34. c4 {[%emt 0:01:51]} Bb6 {[%emt 0:01:45]} 35. Ndf4 {[%emt 0:02:12]} Nc6 {[%emt 0:06:14]} 36. c5 {[%emt 0:01:45]} Ba5 {[%emt 0:01:16]} 37. Nxd5 {[%emt 0:01:13]} g5 {[%emt 0:00:06]} 38. Ne3+ {[%emt 0:00:38]} Kf6 {[%emt 0:00:50]} 39. g4 {[%emt 0:00:19]} g6 {[%emt 0:01:09]} 40. Ke4 {[%emt 0:00:29]} Bc7 {[%emt 0:01:50]} 41. Nd5+ {[%emt 0:30:59]} Kf7 {[%emt 0:01:05]} 42. Nxc7 {[%emt 0:00:00]} Nb4 {[%emt 0:01:55]} 43. a3 {[%emt 0:00:00]} Nc2 44. d5 {[%emt 0:00:00]} Ke7 {[%emt 0:01:40]} 45. Nb5 {[%emt 0:00:00]} a6 {[%emt 0:00:22]} 46. Ned4 {[%emt 0:00:00]} Nxd4 {[%emt 0:01:00]} 47. Nxd4 {[%emt 0:00:00]} Kd7 {[%emt 0:00:13]} 48. Ke5 {[%emt 0:00:00]} Ke7 {[%emt 0:00:26]} 49. b4 {[%emt 0:00:00]} h6 {[%emt 0:00:42]} 50. d6+ {[%emt 0:00:00]} 1-0

[Event "DFMMLV 2019"]
[Site "Braunfels"]
[Date "2019.06.23"]
[Round "5.42"]
[White "Krausse, Vanessa"]
[Black "Todorova, Kalina"]
[Result "0-1"]
[WhiteElo "1645"]
[BlackElo "1796"]
[Annotator "NA"]
[PlyCount "76"]
[EventDate "2019.06.20"]
[EventType "team-tourn"]
[EventCountry "GER"]
[SourceTitle "playchess.com"]
[Source "ChessBase"]
[SourceQuality "1"]
[WhiteTeam "Hessen 2"]
[BlackTeam "Bayern 2"]
[TimeControl "40/5400+30:1800+30"]

1. e4 {[%emt 0:00:00]} c5 {[%emt 0:00:00]} 2. Nf3 {[%emt 0:00:00]} e6 {[%emt 0:00:00]} 3. d4 {[%emt 0:00:00]} cxd4 {[%emt 0:00:00]} 4. Nxd4 {[%emt 0:00:26]} a6 {[%emt 0:00:00]} 5. Nc3 {[%emt 0:00:15]} Qc7 {[%emt 0:01:16]} 6. Be3 {[%emt 0:03:13]} Nf6 {[%emt 0:01:14]} 7. f3 {[%emt 0:00:40]} Bc5 {[%emt 0:05:36]} 8. Qd2 {[%emt 0:00:42]} b5 {[%emt 0:00:31]} 9. Be2 {[%emt 0:01:59]} Bb7 {[%emt 0:02:58]} 10. Ndxb5 {[%emt 0:08:27]} axb5 {[%emt 0:04:09]} 11. Nxb5 {[%emt 0:00:17]} Qb6 {[%emt 0:00:36]} 12. Bxc5 {[%emt 0:01:33]} Qxc5 {[%emt 0:00:03]} 13. Nd6+ {[%emt 0:00:49]} Ke7 {[%emt 0:00:44]} 14. Nxb7 {[%emt 0:02:34]} Qb6 15. e5 {[%emt 0:01:25]} Ne8 {[%emt 0:09:14]} 16. Nd6 {[%emt 0:13:17]} Qxb2 {[%emt 0:02:45]} 17. O-O {[%emt 0:00:30]} Qxe5 18. Ne4 {[%emt 0:02:29]} Nc6 {[%emt 0:09:44]} 19. Rfd1 {[%emt 0:10:10]} d5 20. Nc3 Nc7 {[%emt 0:22:08]} 21. Nb5 {[%emt 0:05:05]} Rhb8 {[%emt 0:05:25]} 22. Nxc7 {[%emt 0:01:07]} Qxc7 {[%emt 0:00:06]} 23. c4 {[%emt 0:01:59]} dxc4 {[%emt 0:06:23]} 24. Bxc4 {[%emt 0:00:29]} Qb6+ {[%emt 0:02:08]} 25. Kh1 {[%emt 0:00:52]} Rd8 {[%emt 0:01:17]} 26. Qg5+ {[%emt 0:01:00]} Kf8 {[%emt 0:00:11]} 27. Rxd8+ {[%emt 0:00:11]} Rxd8 {[%emt 0:00:26]} 28. Qb5 {[%emt 0:02:12]} Qd4 {[%emt 0:05:28]} 29. Rg1 {[%emt 0:02:21]} Ne5 {[%emt 0:01:22]} 30. Be2 {[%emt 0:02:06]} g6 {[%emt 0:05:21]} 31. a4 {[%emt 0:01:14]} Qe3 {[%emt 0:03:10]} 32. a5 {[%emt 0:02:21]} Rd2 {[%emt 0:01:40]} 33. Qb4+ {[%emt 0:01:26]} Kg7 {[%emt 0:00:18]} 34. Bb5 {[%emt 0:01:00]} Nxf3 {[%emt 0:01:32]} 35. Rf1 {[%emt 0:05:40]} Ng5 {[%emt 0:07:01]} 36. Qf4 {[%emt 0:07:28]} Qxf4 {[%emt 0:00:23]} 37. Rxf4 {[%emt 0:00:07]} Rd5 {[%emt 0:00:09]} 38. Be8 {[%emt 0:02:19]} Rd1+ {[%emt 0:00:08]} 0-1

[Event "DFMMLV 2019"]
[Site "Braunfels"]
[Date "2019.06.23"]
[Round "5.43"]
[White "Alsheimer, Lea"]
[Black "Buchholz, Maja"]
[Result "1-0"]
[WhiteElo "1707"]
[BlackElo "1657"]
[Annotator "NA"]
[PlyCount "37"]
[EventDate "2019.06.20"]
[EventType "team-tourn"]
[EventCountry "GER"]
[SourceTitle "playchess.com"]
[Source "ChessBase"]
[SourceQuality "1"]
[WhiteTeam "Bayern 2"]
[BlackTeam "Hessen 2"]
[TimeControl "40/5400+30:1800+30"]

1. d4 {[%emt 0:00:00]} Nf6 {[%emt 0:00:00]} 2. Nf3 {[%emt 0:00:00]} g6 {[%emt 0:00:00]} 3. Nc3 {[%emt 0:00:10]} Bg7 {[%emt 0:00:03]} 4. e4 {[%emt 0:00:11]} d6 {[%emt 0:00:11]} 5. Bf4 {[%emt 0:00:27]} O-O {[%emt 0:01:05]} 6. Qd2 {[%emt 0:01:32]} Re8 {[%emt 0:03:37]} 7. O-O-O {[%emt 0:00:25]} c6 {[%emt 0:05:57]} 8. Bh6 {[%emt 0:00:36]} Bh8 {[%emt 0:00:53]} 9. h4 {[%emt 0:00:18]} b5 {[%emt 0:00:19]} 10. Bd3 {[%emt 0:01:08]} b4 {[%emt 0:00:31]} 11. Ne2 {[%emt 0:01:10]} a5 {[%emt 0:10:17]} 12. h5 {[%emt 0:02:35]} Ba6 {[%emt 0:02:33]} 13. hxg6 {[%emt 0:00:21]} fxg6 {[%emt 0:00:13]} 14. e5 {[%emt 0:01:08]} Bxd3 {[%emt 0:08:12]} 15. exf6 {[%emt 0:02:45]} Bxe2 {[%emt 0:03:01]} 16. f7+ {[%emt 0:01:29]} Kxf7 {[%emt 0:00:23]} 17. Qxe2 {[%emt 0:00:18]} Nd7 {[%emt 0:03:19]} 18. Ng5+ {[%emt 0:00:15]} Kg8 {[%emt 0:00:31]} 19. Qe6# 1-0

[Event "DFMMLV 2019"]
[Site "Braunfels"]
[Date "2019.06.23"]
[Round "5.44"]
[White "Goetz, Fenja"]
[Black "Pavlov, Liliane"]
[Result "0-1"]
[WhiteElo "1528"]
[BlackElo "1619"]
[Annotator "NA"]
[PlyCount "68"]
[EventDate "2019.06.20"]
[EventType "team-tourn"]
[EventCountry "GER"]
[SourceTitle "playchess.com"]
[Source "ChessBase"]
[SourceQuality "1"]
[WhiteTeam "Hessen 2"]
[BlackTeam "Bayern 2"]
[TimeControl "40/5400+30:1800+30"]

1. e4 {[%emt 0:00:00]} c5 {[%emt 0:00:00]} 2. Nf3 {[%emt 0:00:00]} d6 {[%emt 0:00:00]} 3. d4 {[%emt 0:00:00]} cxd4 {[%emt 0:00:00]} 4. Nxd4 {[%emt 0:00:00]} Nf6 {[%emt 0:00:00]} 5. Nc3 {[%emt 0:00:00]} a6 {[%emt 0:00:00]} 6. g3 {[%emt 0:02:06]} e5 {[%emt 0:01:05]} 7. Nf3 {[%emt 0:01:06]} Be7 {[%emt 0:01:01]} 8. Bg2 {[%emt 0:00:11]} O-O {[%emt 0:01:26]} 9. O-O {[%emt 0:00:12]} h6 {[%emt 0:02:38]} 10. Qd3 {[%emt 0:04:51]} Be6 {[%emt 0:01:02]} 11. Rd1 {[%emt 0:01:35]} Nbd7 {[%emt 0:01:17]} 12. Nh4 {[%emt 0:03:41]} Nc5 {[%emt 0:01:04]} 13. Qe2 {[%emt 0:01:27]} Rc8 {[%emt 0:02:45]} 14. Nf5 {[%emt 0:02:11]} b5 {[%emt 0:03:24]} 15. Nxe7+ {[%emt 0:01:40]} Qxe7 {[%emt 0:00:15]} 16. a3 {[%emt 0:00:14]} Rfd8 {[%emt 0:01:19]} 17. Be3 {[%emt 0:06:22]} Bc4 {[%emt 0:02:21]} 18. Qe1 {[%emt 0:04:54]} Ng4 {[%emt 0:05:11]} 19. Bc1 {[%emt 0:01:34]} Qa7 {[%emt 0:05:34]} 20. Nd5 {[%emt 0:06:46]} Ne6 {[%emt 0:05:24]} 21. h3 {[%emt 0:03:02]} Bxd5 {[%emt 0:06:02]} 22. exd5 {[%emt 0:00:01]} Nd4 {[%emt 0:00:12]} 23. hxg4 Nxc2 {[%emt 0:00:25]} 24. Qe2 {[%emt 0:13:41]} Nxa1 {[%emt 0:00:45]} 25. Be3 {[%emt 0:00:01]} Rc2 {[%emt 0:01:13]} 26. Bxa7 {[%emt 0:03:54]} Rxe2 {[%emt 0:00:13]} 27. Rxa1 {[%emt 0:00:37]} Rxb2 {[%emt 0:00:36]} 28. Rc1 {[%emt 0:01:18]} Rb3 {[%emt 0:00:21]} 29. Ra1 {[%emt 0:08:34]} Rc8 {[%emt 0:01:24]} 30. Kf1 {[%emt 0:05:17]} Kf8 {[%emt 0:00:14]} 31. Ke1 {[%emt 0:01:13]} Rcc3 {[%emt 0:00:28]} 32. a4 {[%emt 0:00:09]} b4 {[%emt 0:01:13]} 33. Bf1 {[%emt 0:00:32]} Ra3 {[%emt 0:00:28]} 34. Rxa3 {[%emt 0:01:46]} bxa3 {[%emt 0:00:08]} 0-1

[Event "DFMMLV 2019"]
[Site "Braunfels"]
[Date "2019.06.23"]
[Round "5.44"]
[White "Schwegler, Jelena"]
[Black "Pavlov, Liliane"]
[Result "*"]
[WhiteElo "1511"]
[BlackElo "1619"]
[Annotator "NA"]
[PlyCount "41"]
[EventDate "2019.06.20"]
[EventType "team-tourn"]
[EventCountry "GER"]
[SourceTitle "playchess.com"]
[Source "ChessBase"]
[SourceQuality "1"]
[WhiteTeam "Hessen 2"]
[BlackTeam "Bayern 2"]
[TimeControl "40/5400+30:1800+30"]

1. e4 {[%emt 0:00:00]} c5 {[%emt 0:00:00]} 2. Nf3 {[%emt 0:00:00]} d6 {[%emt 0:00:00]} 3. d4 {[%emt 0:00:00]} cxd4 {[%emt 0:00:00]} 4. Nxd4 {[%emt 0:00:00]} Nf6 {[%emt 0:00:00]} 5. Nc3 {[%emt 0:00:00]} a6 {[%emt 0:00:00]} 6. g3 {[%emt 0:02:06]} e5 {[%emt 0:01:05]} 7. Nf3 {[%emt 0:01:06]} Be7 {[%emt 0:01:01]} 8. Bg2 {[%emt 0:00:11]} O-O {[%emt 0:01:26]} 9. O-O {[%emt 0:00:12]} h6 {[%emt 0:02:38]} 10. Qd3 {[%emt 0:04:51]} Be6 {[%emt 0:01:02]} 11. Rd1 {[%emt 0:01:35]} Nbd7 {[%emt 0:01:17]} 12. Nh4 {[%emt 0:03:41]} Nc5 {[%emt 0:01:04]} 13. Qe2 {[%emt 0:01:27]} Rc8 {[%emt 0:02:45]} 14. Nf5 {[%emt 0:02:11]} b5 {[%emt 0:03:24]} 15. Nxe7+ {[%emt 0:01:40]} Qxe7 {[%emt 0:00:15]} 16. a3 {[%emt 0:00:14]} Rfd8 {[%emt 0:01:19]} 17. Be3 {[%emt 0:06:22]} Bc4 {[%emt 0:02:21]} 18. Qe1 {[%emt 0:04:54]} Ng4 {[%emt 0:05:11]} 19. Bc1 {[%emt 0:01:34]} Qa7 {[%emt 0:05:34]} 20. Nd5 {[%emt 0:06:46]} Ne6 {[%emt 0:05:24]} 21. h3 {[%emt 0:03:02]} *

[Event "DFMMLV 2019"]
[Site "Braunfels"]
[Date "2019.06.23"]
[Round "5.45"]
[White "Schaefer, Ann-Kathrin"]
[Black "Goetz, Fenja"]
[Result "*"]
[WhiteElo "1714"]
[BlackElo "1528"]
[Annotator "NA"]
[PlyCount "38"]
[EventDate "2019.06.20"]
[EventType "team-tourn"]
[EventCountry "GER"]
[SourceTitle "playchess.com"]
[Source "ChessBase"]
[SourceQuality "1"]
[WhiteTeam "Bayern 2"]
[BlackTeam "Hessen 2"]
[TimeControl "40/5400+30:1800+30"]

1. d4 {[%emt 0:00:00]} d5 {[%emt 0:00:00]} 2. Nf3 {[%emt 0:00:00]} Bf5 {[%emt 0:00:00]} 3. e3 {[%emt 0:00:00]} Nf6 {[%emt 0:00:00]} 4. c4 {[%emt 0:00:00]} e6 {[%emt 0:00:05]} 5. Qb3 {[%emt 0:01:53]} Qc8 {[%emt 0:01:14]} 6. Nc3 {[%emt 0:01:35]} c6 {[%emt 0:00:32]} 7. Bd2 {[%emt 0:03:42]} Nbd7 {[%emt 0:00:29]} 8. cxd5 {[%emt 0:01:59]} exd5 {[%emt 0:01:25]} 9. Rc1 {[%emt 0:02:35]} Be7 {[%emt 0:01:32]} 10. Be2 {[%emt 0:02:28]} O-O {[%emt 0:00:19]} 11. O-O {[%emt 0:01:16]} a6 {[%emt 0:02:39]} 12. Na4 {[%emt 0:08:39]} c5 {[%emt 0:02:33]} 13. dxc5 {[%emt 0:02:34]} Nxc5 {[%emt 0:01:19]} 14. Nxc5 {[%emt 0:00:53]} Bxc5 {[%emt 0:00:11]} 15. Bb4 {[%emt 0:03:19]} b6 {[%emt 0:01:23]} 16. Nd4 {[%emt 0:08:45]} Be4 {[%emt 0:03:06]} 17. Rc3 {[%emt 0:03:05]} Rb8 {[%emt 0:04:03]} 18. Rfc1 {[%emt 0:07:43]} Qd7 {[%emt 0:01:56]} 19. Bxa6 {[%emt 0:01:17]} Qd6 {[%emt 0:06:38]} *

[Event "DFMMLV 2019"]
[Site "Braunfels"]
[Date "2019.06.23"]
[Round "5.45"]
[White "Schaefer, Ann-Kathrin"]
[Black "von Beckh, Frieda"]
[Result "0-1"]
[WhiteElo "1714"]
[BlackElo "1465"]
[Annotator "NA"]
[PlyCount "76"]
[EventDate "2019.06.20"]
[EventType "team-tourn"]
[EventCountry "GER"]
[SourceTitle "playchess.com"]
[Source "ChessBase"]
[SourceQuality "1"]
[WhiteTeam "Bayern 2"]
[BlackTeam "Hessen 2"]
[TimeControl "40/5400+30:1800+30"]

1. d4 {[%emt 0:00:00]} d5 {[%emt 0:00:00]} 2. Nf3 {[%emt 0:00:00]} Bf5 {[%emt 0:00:00]} 3. e3 {[%emt 0:00:00]} Nf6 {[%emt 0:00:00]} 4. c4 {[%emt 0:00:00]} e6 {[%emt 0:00:05]} 5. Qb3 {[%emt 0:01:53]} Qc8 {[%emt 0:01:14]} 6. Nc3 {[%emt 0:01:35]} c6 {[%emt 0:00:32]} 7. Bd2 {[%emt 0:03:42]} Nbd7 {[%emt 0:00:29]} 8. cxd5 {[%emt 0:01:59]} exd5 {[%emt 0:01:25]} 9. Rc1 {[%emt 0:02:35]} Be7 {[%emt 0:01:32]} 10. Be2 {[%emt 0:02:28]} O-O {[%emt 0:00:19]} 11. O-O {[%emt 0:01:16]} a6 {[%emt 0:02:39]} 12. Na4 {[%emt 0:08:39]} c5 {[%emt 0:02:33]} 13. dxc5 {[%emt 0:02:34]} Nxc5 {[%emt 0:01:19]} 14. Nxc5 {[%emt 0:00:53]} Bxc5 {[%emt 0:00:11]} 15. Bb4 {[%emt 0:03:19]} b6 {[%emt 0:01:23]} 16. Nd4 {[%emt 0:08:45]} Be4 {[%emt 0:03:06]} 17. Rc3 {[%emt 0:03:05]} Rb8 {[%emt 0:04:03]} 18. Rfc1 {[%emt 0:07:43]} Qd7 {[%emt 0:01:56]} 19. Bxa6 {[%emt 0:01:17]} Qd6 {[%emt 0:06:38]} 20. Nb5 {[%emt 0:04:39]} Qe6 {[%emt 0:02:06]} 21. f3 {[%emt 0:02:41]} Bf5 {[%emt 0:02:25]} 22. Bxc5 {[%emt 0:01:07]} bxc5 {[%emt 0:00:21]} 23. Qa3 {[%emt 0:07:58]} Nd7 {[%emt 0:05:27]} 24. Rd1 {[%emt 0:10:12]} Ne5 {[%emt 0:06:40]} 25. Nc7 {[%emt 0:02:48]} Qg6 {[%emt 0:01:00]} 26. Be2 {[%emt 0:01:42]} Bh3 {[%emt 0:03:20]} 27. g3 {[%emt 0:00:12]} Qf5 {[%emt 0:08:00]} 28. Kf2 {[%emt 0:05:27]} Nxf3 {[%emt 0:06:00]} 29. Rxd5 {[%emt 0:01:30]} Ne5+ {[%emt 0:01:51]} 30. Ke1 {[%emt 0:01:34]} Qb1+ {[%emt 0:01:18]} 31. Rd1 {[%emt 0:03:53]} Qe4 {[%emt 0:04:34]} 32. Kd2 {[%emt 0:04:03]} Rfd8+ {[%emt 0:04:19]} 33. Kc1 {[%emt 0:00:13]} Bf5 {[%emt 0:01:29]} 34. Rd5 {[%emt 0:05:15]} Qb1+ {[%emt 0:01:41]} 35. Kd2 {[%emt 0:00:06]} Rxb2+ {[%emt 0:00:20]} 36. Qxb2 {[%emt 0:01:08]} Qxb2+ {[%emt 0:00:21]} 37. Rc2 {[%emt 0:00:05]} Qxc2+ {[%emt 0:00:11]} 38. Ke1 {[%emt 0:00:12]} Rxd5 {[%emt 0:00:34]} 0-1

[Event "DFMMLV 2019"]
[Site "Braunfels"]
[Date "2019.06.23"]
[Round "5.46"]
[White "von Beckh, Frieda"]
[Black "Albayrak, Nese Pinar"]
[Result "*"]
[WhiteElo "1465"]
[BlackElo "1530"]
[Annotator "NA"]
[PlyCount "27"]
[EventDate "2019.06.20"]
[EventType "team-tourn"]
[EventCountry "GER"]
[SourceTitle "playchess.com"]
[Source "ChessBase"]
[SourceQuality "1"]
[WhiteTeam "Hessen 2"]
[BlackTeam "Bayern 2"]
[TimeControl "40/5400+30:1800+30"]

1. d4 {[%emt 0:00:00]} d5 {[%emt 0:00:00]} 2. Bf4 {[%emt 0:00:00]} c6 {[%emt 0:00:00]} 3. e3 {[%emt 0:00:00]} Bf5 {[%emt 0:00:02]} 4. c4 {[%emt 0:00:14]} Nf6 {[%emt 0:00:34]} 5. Nc3 {[%emt 0:00:45]} e6 {[%emt 0:01:06]} 6. Nf3 {[%emt 0:02:02]} Nbd7 {[%emt 0:02:32]} 7. Be2 {[%emt 0:01:32]} Be7 {[%emt 0:03:31]} 8. O-O {[%emt 0:04:29]} O-O {[%emt 0:00:24]} 9. h3 {[%emt 0:05:29]} Re8 {[%emt 0:05:28]} 10. Rc1 {[%emt 0:14:48]} Nf8 {[%emt 0:06:15]} 11. cxd5 {[%emt 0:01:15]} exd5 {[%emt 0:01:31]} 12. Qb3 {[%emt 0:08:47]} Qb6 {[%emt 0:04:57]} 13. Qxb6 {[%emt 0:07:25]} axb6 {[%emt 0:00:10]} 14. a4 {[%emt 0:08:58]} *